| 000 | 00526nam a2200181Ia 4500 | ||
|---|---|---|---|
| 003 | OSt | ||
| 005 | 20260202114541.0 | ||
| 008 | 210210b1964 xxu||||| |||| 00| 0 eng d | ||
| 040 | _cAL | ||
| 041 | _aKannada | ||
| 082 | _a853/44 | ||
| 100 |
_aINDIRA (H R) _9160487 _dಇಂದಿರಾ (ಹೆಚ್ ಅರ್) |
||
| 245 |
_aGood luck: nage nataka: _bಗುಡ್ ಲಕ್: ನಗೆ ನಾಟಕ |
||
| 260 |
_aBengaluru _bH N Rao Brothers _c1964 |
||
| 690 |
_aKannada Drama _9160488 |
||
| 906 | _a019316 | ||
| 942 |
_2ddc _cBK |
||
| 999 |
_c143437 _d143437 |
||